000 01091nam a22003137a 4500
001 0038407
003 KOHA_MİRAKIL
005 20260207003059.0
007 ta
008 190314b1998 xx a|||gr||||#0|||0|tur |
020 _a9756983035
040 _aTR-BiSEU
_btur
_cTR-BiSEU
_erda
041 0 _atur
044 _ctu
050 _aSD536
_b.M47 1998
100 1 _aMerev, Nesime.
245 1 _aOdun anatomisi :
_bDoğu Karardeniz bölgesindeki doğal angiospermae taksonlarının odun atlası /
_cNesime Merev ; Nesime Merev.
264 1 _aTrabzon :
_bKaradeniz Teknik Üniversitesi
_c1998
300 _a128 sayfa :
_bresimli ;
_c28 cm.
336 _ametin
_btxt
_2rdacontent
337 _aaracısız
_bn
_2rdamedia
338 _acilt
_bnc
_2rdacarrier
490 1 _aKaradeniz Teknik Üniversitesi Orman Fakültesi Genel Yayın No ;
_v190.
490 1 _a Fakülte Yayın No ;
_v28
650 0 _aOdun--Anatomi.
_940857
830 1 _aKaradeniz Teknik Üniversitesi Orman Fakültesi Genel Yayın No ;
_v190.
_971767
830 1 _a Fakülte Yayın No ;
_v28
_971768
942 _2lcc
_cBK
999 _c38244
_d38244